Ultime Squadre per esordio in Serie A - Statistics

Statistiche generali
  • Questo quiz è stato fatto 122 volte
  • Il punteggio medio è 8 su 15
Statistiche sulle risposte
Esordio Squadra % Corretto
2022-2023 Monza
91%
2013-2014 Sassuolo
85%
2017-2018 Benevento
80%
2015-2016 Frosinone
74%
2015-2016 Carpi
61%
2016-2017 Crotone
61%
2020-2021 Spezia
61%
2001-2002 Chievo
53%
1992-1993 Ancona
47%
1999-2000 Reggina
42%
2005-2006 Treviso
40%
2003-2004 Siena
36%
1993-1994 Reggiana
35%
1993-1994 Piacenza
32%
1990-1991 Parma
30%
Nessun quiz corrispondente trovato
Distribuzione punteggi
Percentuale di utenti per punteggio
Percentile per numero di risposta
I tuoi punteggi nel tempo
Non hai fatto questo quiz